000 00298nam a22001337a 4500
008 171107b xxu||||| |||| 00| 0 eng d
020 _a9780618393633
041 _aeng
080 _a330.722.6
100 _a62
101 _aKON
245 _aMANAGERIAL ACCOUNTING
_cNEEDLES,B.E
942 _2udc
_cBK
999 _c38046
_d38046